00217nam a22001097a 4500003000400000082001700004100002000021245002300041250000900064260002600073300000800099SGT a618.92bH11M aMOTALA, CASSIM  aHB. OF PEDIATRICS  a7TH  aINDIA bOXFORD c2011 a596